Jupiler Pro League Teams 2025/26 - Statistics

General Stats
  • This quiz has been taken 40 times
  • The average score is 9 of 16
Answer Stats
Answer % Correct
RSC Anderlecht
90%
Club Brugge KV
88%
KRC Genk
83%
Royal Antwerp
83%
KAA Gent
80%
Cercle Brugge
75%
Union Saint-Gilloise
63%
KV Mechelen
58%
Standard Liège
55%
KVC Westerlo
45%
FCV Dender EH
43%
RAAL La Louvière
40%
Zulte Waregem
40%
Oud-Heverlee Leuven
38%
Royal Charleroi SC
10%
St. Truidense
8%
No matching quizzes found
Score Distribution
Percent of People with Each Score
Percentile by Number Answered
Your Score History
You have not taken this quiz